| 000 | 00741cam a22002291 4500 | ||
|---|---|---|---|
| 001 | agr48000260 | ||
| 003 | DLC | ||
| 005 | 20260227111009.0 | ||
| 008 | 851212s1948 nyua e 000 0 eng c | ||
| 010 | _aagr48000260 | ||
| 035 | _a(OCoLC)12897963 | ||
| 040 |
_aU.S. Dept. of Agr. Libr. _cKyU _dDLC |
||
| 042 | _apremarc | ||
| 050 | 0 | 0 |
_aSF335.U5 _bH5 |
| 082 | _a798.4 | ||
| 100 | 1 |
_aHill, Wycliffe Aber, _d1883- |
|
| 245 | 1 | 0 |
_aWhy horses win; _ban encyclopedia of racing, containing the results of an analysis of 1,000 races and much other valuable information for the turf fan. |
| 250 | _a[1st ed.] | ||
| 260 |
_aNew York, _bRockport Press, _c1948. |
||
| 300 |
_axii, 275 p. _billus. _c21 cm. |
||
| 650 | 0 |
_aHorse racing _zUnited States. |
|
| 999 |
_c10828 _d10828 |
||